000 01374cas a2200385 4500
001 1505
005 20211208233341.0
008 131128c19759999gw fr p 0 a0eng
030 _aNREDEP
035 _a(OCoLC)ocm02881266
035 _a(BD-RjUL)1528
040 _aDLC
_cDLC
_dAIP
_dDLC
_dOUCA
_dOCoLC
_dBD-RjUL
042 _apcc
043 _ae-gw---
_ad------
082 _a333.005
_bNRD
245 0 0 _aNatural Resources and Development.
260 _a[Tübingen, Ger.,
_bInstitute for Scientific Co-operation
_c1975-
300 _aV. :
_bill. ;
_c24 cm.
500 _a"Collection of recent German contributions concerning the exploration and exploitation of natural resources."
650 0 _aNatural resources
_vPeriodicals.
_94499
650 0 _aConservation of natural resources
_vPeriodicals.
_94500
650 0 _aEconomic development
_vPeriodicals.
_91961
650 0 _aNatural resources
_zDeveloping countries
_vPeriodicals.
_94501
710 2 _aInstitut für Wissenschaftliche Zusammenarbeit mit Hochschulen der Entwicklungsländer (Tübingen, Germany)
_94502
906 _a7
_bcbc
_cserials
_d4
_encip
_f19
_gn-oclcserc
936 _av. 1
942 _2ddc
_cCR
999 _c1505
_d1505